| 000 | 00388nam a2200145Ia 4500 | ||
|---|---|---|---|
| 008 | 240624s9999 xx 000 0 und d | ||
| 041 | _aeng | ||
| 082 | _a658.4092 SWI | ||
| 100 | _aSWINDALL CLINT | ||
| 245 | _aENGAGED LEADERSHIP BUILDING A CULTURE TO | ||
| 250 | _a(2nd ed.) | ||
| 260 |
_c2011 _aNew Jersey _bJohn Wiley and Sons |
||
| 300 | _avi, : 218 : p. : cm. ; 22 | ||
| 365 |
_c _b27 |
||
| 999 |
_c17749 _d17749 |
||